000 004620000a22001810004500
003 MACL
005 20151023144339.0
008 151023b xxu||||| |||| 00| 0 eng d
040 _aMACL
_cMACL
041 _aEnglish
082 _a954
100 _aResearch And Reference Division Ministry Of Information
_9376
245 _aIndia 1980
260 _bPublication Division
_c1980
_aFaridabad
350 _a36
650 _aHistory
_916448
942 _cBK
_k954
_2ddc
999 _c6807
_d6807